| 000 | 00686nam a2200229 a 4500 | ||
|---|---|---|---|
| 001 | BRCA_8201 | ||
| 005 | 20190320210155.0 | ||
| 008 | 140514c1956----mx-####f##---#000-0#spa-# | ||
| 041 | _aspa | ||
| 044 | _amx | ||
| 050 | 4 |
_aF1231 _b.L66 1956 |
|
| 100 | 1 |
_aLomas, Adolfo _920437 |
|
| 245 | 1 | 0 |
_aEl pósito colonial _cAdolfo Lomas. |
| 260 |
_aMéxico _bEl Trimestre Económico _c1956 |
||
| 300 |
_a1 v. (en varias paginaciones) _c22 cm. |
||
| 440 | 0 |
_aEl Trimestre Económico _nXXIII _v1 _920438 |
|
| 500 | _aU66 | ||
| 650 | 1 | 4 |
_aInstituciones de ahorro _xépoca colonial _zMéxico _920439 |
| 650 | 1 | 4 |
_aCajas de ahorro y préstamos _zNueva España _920440 |
| 902 | _aGFM | ||
| 942 |
_2lcc _cB |
||
| 999 |
_c7869 _d7869 |
||